<?xml version="1.0" encoding="UTF-8"?>
<record
    xmlns:xsi="http://www.w3.org/2001/XMLSchema-instance"
    xsi:schemaLocation="http://www.loc.gov/MARC21/slim http://www.loc.gov/standards/marcxml/schema/MARC21slim.xsd"
    xmlns="http://www.loc.gov/MARC21/slim">

  <leader>01022nam a2200229 a 4500</leader>
  <controlfield tag="001">47634</controlfield>
  <controlfield tag="003">BD-RjUL</controlfield>
  <controlfield tag="005">20211209054345.0</controlfield>
  <controlfield tag="008">190421s1945    ii ||||| |||| 00| 0 eng d</controlfield>
  <datafield tag="035" ind1=" " ind2=" ">
    <subfield code="a">(BD-RjUL)47753</subfield>
  </datafield>
  <datafield tag="040" ind1=" " ind2=" ">
    <subfield code="a">BD-RjUL</subfield>
    <subfield code="b">eng</subfield>
    <subfield code="c">BD-RjUL</subfield>
  </datafield>
  <datafield tag="041" ind1=" " ind2=" ">
    <subfield code="a">eng</subfield>
  </datafield>
  <datafield tag="082" ind1=" " ind2=" ">
    <subfield code="2">23 </subfield>
    <subfield code="b">INR 1945</subfield>
    <subfield code="a">331.597</subfield>
  </datafield>
  <datafield tag="110" ind1=" " ind2=" ">
    <subfield code="a">India. </subfield>
    <subfield code="b">Inter-departmental Committee on the Rehabilitation and Resettlement of Disabled Persons </subfield>
    <subfield code="9">231017</subfield>
  </datafield>
  <datafield tag="245" ind1="1" ind2="0">
    <subfield code="a">Report of Inter-departmental Committee on the Rehabilitation and Resettlement of Disabled Persons :</subfield>
    <subfield code="b">Presented to Parliament by command of His Majesty january, 1943 /</subfield>
    <subfield code="c">India. Inter-departmental Committee on the Rehabilitation and Resettlement of Disabled Persons </subfield>
  </datafield>
  <datafield tag="260" ind1=" " ind2=" ">
    <subfield code="a">Delhi:</subfield>
    <subfield code="b">Manager of Publications,</subfield>
    <subfield code="c">1945</subfield>
  </datafield>
  <datafield tag="300" ind1=" " ind2=" ">
    <subfield code="a">42 ;. ;</subfield>
    <subfield code="c">24 cm.</subfield>
  </datafield>
  <datafield tag="600" ind1=" " ind2=" ">
    <subfield code="x"> 	      	                  </subfield>
    <subfield code="9">231043</subfield>
  </datafield>
  <datafield tag="650" ind1=" " ind2=" ">
    <subfield code="a"> People with disabilitie</subfield>
    <subfield code="x">Rehabilitation   </subfield>
    <subfield code="z">Great Britain.  </subfield>
    <subfield code="9">231044</subfield>
  </datafield>
  <datafield tag="650" ind1=" " ind2=" ">
    <subfield code="a">Vocational rehabilitation </subfield>
    <subfield code="z">Great Britain.</subfield>
    <subfield code="9">231045</subfield>
  </datafield>
  <datafield tag="942" ind1=" " ind2=" ">
    <subfield code="2">ddc</subfield>
    <subfield code="c">RAR</subfield>
  </datafield>
  <datafield tag="999" ind1=" " ind2=" ">
    <subfield code="c">47634</subfield>
    <subfield code="d">47634</subfield>
  </datafield>
  <datafield tag="952" ind1=" " ind2=" ">
    <subfield code="0">0</subfield>
    <subfield code="1">0</subfield>
    <subfield code="2">ddc</subfield>
    <subfield code="4">0</subfield>
    <subfield code="7">1</subfield>
    <subfield code="8">RARE</subfield>
    <subfield code="a">RUCL</subfield>
    <subfield code="b">RUCL</subfield>
    <subfield code="c">Rare</subfield>
    <subfield code="d">2019-04-23</subfield>
    <subfield code="l">0</subfield>
    <subfield code="o">RA 331.597 INR 1945</subfield>
    <subfield code="r">2019-04-23 00:00:00</subfield>
    <subfield code="t">C-1</subfield>
    <subfield code="w">2019-04-23</subfield>
    <subfield code="y">RAR</subfield>
  </datafield>
</record>
